Épelez le pays : Whammies - Statistiques

Statistiques générales
  • Ce quiz a été pris 105 fois
  • Le résultat moyen est 54 sur 77
Statistiques - réponses
Drapeau Répondre % Correct
E
100%
I
100%
M
100%
X
100%
E
97%
Q
97%
U
97%
A
89%
Ë
89%
I
89%
L
89%
R
89%
S
89%
B
80%
E
80%
G
80%
L
80%
M
80%
O
80%
R
80%
U
80%
U
80%
X
80%
E
73%
S
73%
E
72%
I
72%
L
72%
C
71%
E
71%
E
71%
H
71%
L
71%
L
71%
S
71%
Y
71%
C
69%
H
69%
P
69%
H
68%
I
68%
I
68%
L
68%
P
68%
E
67%
E
67%
E
67%
I
67%
I
67%
N
67%
N
67%
N
67%
P
67%
S
67%
S
67%
T
67%
T
67%
A
56%
A
56%
I
56%
K
56%
K
56%
L
56%
N
56%
R
56%
S
56%
I
55%
R
55%
G
53%
H
51%
I
51%
Z
49%
A
47%
N
47%
S
47%
T
47%
I
45%
Aucun quiz correspondant
Distribution des résultats
% des personnes avec chaque résultat
Percentile par nombre de réponses
Votre historique - résultats
Vous n’avez pas pris ce quiz